| 000 | 00820nam a22002177a 4500 | ||
|---|---|---|---|
| 999 |
_c13020 _d13020 |
||
| 003 | AR-CdUCM | ||
| 008 | 190411b ||||| |||| 00| 0 spa d | ||
| 040 |
_aMUNICIPALIDAD PROVINCIAL DEL CUSCO _cBIBLIOTECA MUNICIPAL DEL CUSCO |
||
| 082 |
_a190 / _bG66 |
||
| 100 |
_aGoldmann, Lucien _931183 |
||
| 245 |
_aLucács y heidegger : _bHacia una filosofía nueva / |
||
| 260 |
_aBuenos Aires : _bAmorrurtu, _c1975. |
||
| 300 |
_a143 páginas ; _c19 cm. |
||
| 505 | _aContenido : Prologo, Youssef Ishaghpour -- Primera parte. Introducción a Lukács y Heidegger ( escrita en agosto de 1970) -- Segunda parte. Cursos de 1967 - 1968 ... | ||
| 650 |
_aFilosofía _9395 |
||
| 650 |
_aOccidental _931184 |
||
| 650 |
_aModerna _919323 |
||
| 700 |
_aIshaghpour, Youssef _931185 |
||
| 942 |
_2ddc _cLIBROS |
||
| 945 |
_arah _d11/04/2019 |
||